Sins of omission / (Registro nro. 14167)

Detalles MARC
000 -LIDER
fixed length control field 00535cam a22002053a 4500
001 - NÚMERO DE CONTROL
Identificador de número de control
003 - IDENTIFICACDOR DE NÚMERO DE CONTROL
control field DO-SdBNP
005 - DATE AND TIME OF LATEST TRANSACTION
control field 20220428091432.0
008 - ELEMENTOS DE LONGITUD FIJA
fixed length control field 970709s1989 nyu 000 1 eng d
040 ## - FUENTE DE CATALOGACIÓN
Agencia que crea de manera original el registro BPMSU
Idioma de catalogación spa
Agencia que realiza la transcripción BPMSU
Agencia que realiza la modificación
082 ## - NÚMERO DE CLASIFICACIÓN DECIMAL DE DEWEY
Edition number 22
Item number M621s 1989
Classification number 813
100 1# - ASIENTO PRINCIPAL -- NOMBRE PERSONAL
Nombre personal Michaels, Fern.
Fechas asociadas con el nombre 1933-
245 10 - MENCIÓN DE TITULO
Título Sins of omission /
Mención de responsabilidad Fern Michaels.
260 ## - PUBLICACIÓN, DISTRIBUCIÓN, ETC. (PIE DE IMPRENTA)
Lugar de publicación, distribución, etc New York :
Nombre del editor, distribuidor, etc. Ballantine Books,
Fecha de publicación, distribución, etc 1989.
300 ## - DESCRIPCIÓN FÍSICA
Extensión 497 p. ;
Dimensiones 22 cm.
650 #4 - ENCABEZAMIENTO DE MATERIA--TEMÁTICO
Término temático o nombre geográfico como elemento de entrada Historias de amor.
650 #4 - ENCABEZAMIENTO DE MATERIA--TEMÁTICO
Término temático o nombre geográfico como elemento de entrada Novela estadounidense
910 ## - VALIDACIÓN
Validación VMateo
942 ## - ADDED ENTRY ELEMENTS (KOHA)
Koha item type Libros
Source of classification or shelving scheme Dewey Decimal Classification
Existencias
Withdrawn status Lost status Source of classification or shelving scheme Damaged status Not for loan Collection code Home library Current library Date acquired Source of acquisition Total Checkouts Full call number Barcode Date last seen Price effective from Koha item type
    Dewey Decimal Classification     Colección General Biblioteca Pública Metropolitana Salomé Ureña Biblioteca Pública Metropolitana Salomé Ureña 04/28/2022 Rosa Núñez   BPMSU DG 813 M621s 1989 BPMSU22040046 04/28/2022 04/28/2022 Libros